| 000 | 00561nam a2200193Ia 4500 | ||
|---|---|---|---|
| 008 | 140626s9999 xx 000 0 und d | ||
| 100 | _aLambrou, C. | ||
| 245 | 4 |
_aThe role of aesthetic sensitivity in Body Dysmorphic Disorder / _cC. Lambrou ... [et al.]. |
|
| 260 | _cc2011. | ||
| 300 | _a120 : 2, page 443 | ||
| 440 | _aJournal of Abnormal Psychology | ||
| 521 | _aPSYCH | ||
| 650 | _aAesthetic sensitivity. | ||
| 650 | _aBody dysmorphic disorder. | ||
| 650 | _aBody image. | ||
| 650 | _aDepression. | ||
| 650 | _aSelf-serving bias. | ||
| 942 | _cSE | ||
| 999 |
_c121295 _d121295 |
||